000 00699nam a2200241Ia 4500
003 OSt
005 20220925184739.0
006 a|||||r|||| 00| 0
007 ta
008 220923b |||||||| |||| 00| 0 eng d
020 _a0754618641
037 _cGeneral Book
040 _aRTL
_cRTL
_beng
041 _2eng
_aeng
082 _aY:434.44Q71.P, P3
100 _aPryer Jane A
_9231202
245 0 _aPoverty and vulnerability in Dhaka slums
_bThe urba
260 _aAldershot
_bAshgate
_c2003
300 _axv, 203p
_ccm.
500 _aBibliography chapterwise and: P 187-96
942 _hY:434.44Q71.P, P3
_cGB
_2CC
999 _c508713
_d508713